<?xml version="1.0" encoding="UTF-8"?>
<record
    xmlns:xsi="http://www.w3.org/2001/XMLSchema-instance"
    xsi:schemaLocation="http://www.loc.gov/MARC21/slim http://www.loc.gov/standards/marcxml/schema/MARC21slim.xsd"
    xmlns="http://www.loc.gov/MARC21/slim">

  <leader>01342nam a2200265 a 4500</leader>
  <controlfield tag="001">000012619</controlfield>
  <controlfield tag="005">20200929163040.0</controlfield>
  <controlfield tag="008">980623s1997    ck       b    000 0 spa d</controlfield>
  <datafield tag="020" ind1=" " ind2=" ">
    <subfield code="a">9589057799</subfield>
  </datafield>
  <datafield tag="040" ind1=" " ind2=" ">
    <subfield code="a">DO-SdBNP</subfield>
    <subfield code="b">spa</subfield>
    <subfield code="c">BNPHU</subfield>
  </datafield>
  <datafield tag="082" ind1=" " ind2=" ">
    <subfield code="a">342.044</subfield>
    <subfield code="b">C749d</subfield>
  </datafield>
  <datafield tag="245" ind1="0" ind2="0">
    <subfield code="a">Congreso y Democracia en los Pa&#xED;ses de la Regi&#xF3;n Andina :</subfield>
    <subfield code="b">deficiencias y estrategias /</subfield>
    <subfield code="c">Compiladores, Arlene B. Tickener, Oscar Mej&#xED;a Quintana.</subfield>
  </datafield>
  <datafield tag="260" ind1=" " ind2=" ">
    <subfield code="a">Santaf&#xE9; de Bogot&#xE1;, (Colombia) :</subfield>
    <subfield code="b">Ediciones Uniandes,</subfield>
    <subfield code="b">Centro de Estudios Internacionales,</subfield>
    <subfield code="b">Organizaci&#xF3;n de Estados Americanos,</subfield>
    <subfield code="c">1997.</subfield>
  </datafield>
  <datafield tag="300" ind1=" " ind2=" ">
    <subfield code="a">434 p. :</subfield>
    <subfield code="b">il. ;</subfield>
    <subfield code="c">21 cm.</subfield>
  </datafield>
  <datafield tag="500" ind1=" " ind2=" ">
    <subfield code="a">"Una investigaci&#xF3;n del Centro de Estudios Internacionales (CEI) de la Universidad de los Andes, Bogot&#xE1;, Colombia, financiada por la Unidad para la Promoci&#xF3;n de la Democracia (UPD) de la Organizaci&#xF3;n de Estados Americanos (OEA)"--Presentaci&#xF3;n.</subfield>
  </datafield>
  <datafield tag="504" ind1=" " ind2=" ">
    <subfield code="a">Incluye referencias bibliogr&#xE1;ficas : p. 431-434.</subfield>
  </datafield>
  <datafield tag="650" ind1=" " ind2="4">
    <subfield code="a">Colombia</subfield>
    <subfield code="x">Congreso</subfield>
    <subfield code="9">29351</subfield>
  </datafield>
  <datafield tag="650" ind1=" " ind2="4">
    <subfield code="a">Per&#xFA;</subfield>
    <subfield code="x">Congreso</subfield>
    <subfield code="9">29352</subfield>
  </datafield>
  <datafield tag="650" ind1=" " ind2="4">
    <subfield code="a">Venezuela</subfield>
    <subfield code="x">Congreso</subfield>
    <subfield code="9">29353</subfield>
  </datafield>
  <datafield tag="650" ind1=" " ind2="4">
    <subfield code="a">Bolivia</subfield>
    <subfield code="x">Congreso</subfield>
    <subfield code="9">29354</subfield>
  </datafield>
  <datafield tag="650" ind1=" " ind2="4">
    <subfield code="a">Organos legislativos</subfield>
    <subfield code="z">Regi&#xF3;n De Los Andes</subfield>
    <subfield code="9">29355</subfield>
  </datafield>
  <datafield tag="651" ind1=" " ind2="4">
    <subfield code="a">Regi&#xF3;n De Los Andes</subfield>
    <subfield code="x">Pol&#xED;tica Y Gobierno</subfield>
    <subfield code="9">29356</subfield>
  </datafield>
  <datafield tag="700" ind1="1" ind2=" ">
    <subfield code="a">Tickner, Arlene B.,</subfield>
    <subfield code="d">1964-</subfield>
    <subfield code="9">29357</subfield>
  </datafield>
  <datafield tag="700" ind1="1" ind2=" ">
    <subfield code="a">Mej&#xED;a Quintana, Oscar,</subfield>
    <subfield code="d">1956-</subfield>
    <subfield code="9">29358</subfield>
  </datafield>
  <datafield tag="952" ind1=" " ind2=" ">
    <subfield code="0">0</subfield>
    <subfield code="1">0</subfield>
    <subfield code="5">4</subfield>
    <subfield code="7">0</subfield>
    <subfield code="8">MO</subfield>
    <subfield code="a">GR</subfield>
    <subfield code="b">GR</subfield>
    <subfield code="c">CT</subfield>
    <subfield code="d">2009-11-13</subfield>
    <subfield code="i">LF1</subfield>
    <subfield code="l">0</subfield>
    <subfield code="o">342.044 C749d</subfield>
    <subfield code="p">12619-10</subfield>
    <subfield code="r">2020-06-25</subfield>
    <subfield code="w">2020-06-25</subfield>
    <subfield code="y">4</subfield>
    <subfield code="Z">Pr&#xE9;stamo en sala</subfield>
  </datafield>
  <datafield tag="999" ind1=" " ind2=" ">
    <subfield code="c">12274</subfield>
    <subfield code="d">12274</subfield>
  </datafield>
</record>
